00955cam a2200241 a 450000100090000000300040000900500170001300800410003001000170007102000430008804000180013105000220014908200200017110000220019124500620021324600150027526000780029030000290036850400660039750502060046365000240066965000200069316493789OSt20170119100851.0101007s2011 enka b 001 0 eng  a 2010043377 a9781409422402 (hardcover : alk. paper) aDLCcDLCdDLC00aNK1505b.M39 201100a745.209/0512221 aMcQuilten, Grace.10aArt in consumer culture :bmis-design /cGrace McQuilten.30aMis-design aFarnham, Surrey UK, England ;aBurlington, VT :bAshgate Pub. Co.,c2011. a203 p. :bill. ;c24 cm. aIncludes bibliographical references (p. [185]-195) and index.0 aIntroduction -- Art, design, mis-design -- Playing Zittel : Andrea Zittel's design for living -- Adam Kalkin's architectural wonderland -- Overcoming design : Vito Acconci/Acconci Studio -- Conclusion. 0aDesignxPhilosophy. 0aArt and design.